000 00280nam a22001217a 4500
008 170529b xxu||||| |||| 00| 0 eng d
041 _aeng
080 _a621(075.8)
100 _a26
101 _aIM
245 _aELECTRONIC PROCESSES IN MATERIALS
_cBROPHY, J.J
942 _2udc
_cBK
999 _c14897
_d14897